Pilotes de Formule 1 2024 - Mort subite - Statistiques

Statistiques générales
  • Ce quiz a été pris 1 144 fois
    464 depuis la dernière actualisation
  • Le résultat moyen est 16 sur 24
Answers on the Grid
Answers color-coded by a green-red scale on the quiz's grid according to % correct below.
Max Verstappen
Lance Stroll
Lewis Hamilton
Nico Hülkenberg
Yuki Tsunoda
Oliver Bearman
Oscar Piastri
Sergio Perez
Charles Leclerc
George Russell
Kevin Magnussen
Pierre Gasly
Logan Sargeant
Fernando Alonso
Lando Norris
Franco Colapinto
Zhou Guanyu
Alexander Albon
Esteban Ocon
Daniel Ricciardo
Carlos Sainz Jr.
Liam Lawson
Valtteri Bottas
Mick Schumacher
Kimi Räikkönen
Sébastien Loeb
Sebastian Vettel
Felipe Drugovich
Jack Doohan
Théo Pourchaire
Nyck de Vries
Nicholas Latifi
Romain Grosjean
Alain Prost
Nico Rosberg
Jacques Villeneuve
 
Statistiques - réponses
Réponse % Correct
Charles Leclerc
77%
Lando Norris
77%
Max Verstappen
77%
Carlos Sainz Jr.
76%
Esteban Ocon
76%
Oscar Piastri
76%
Fernando Alonso
75%
George Russell
75%
Lance Stroll
75%
Lewis Hamilton
75%
Pierre Gasly
75%
Sergio Perez
73%
Yuki Tsunoda
73%
Alexander Albon
70%
Nico Hülkenberg
66%
Valtteri Bottas
65%
Zhou Guanyu
64%
Kevin Magnussen
63%
Daniel Ricciardo
60%
Liam Lawson
60%
Franco Colapinto
57%
Logan Sargeant
56%
Oliver Bearman
56%
Jack Doohan
48%
Aucun quiz correspondant
Distribution des résultats
% des personnes avec chaque résultat
Percentile par nombre de réponses
Votre historique - résultats
Vous n’avez pas pris ce quiz depuis la dernière actualisation